000 00819nam a22002777a 4500
003 CHAP
005 20220329135323.0
008 971013s1941 r 00010 d
010 _a34361
011 _a35333
035 _a39449
040 _cCHAP
082 _a664.1
_bL95
100 0 0 _aLyle, Oliver.
_969269
245 _aTechnology for sugar refinery workers
260 _aLondon :
_bChapman and Hall,
_c1941
300 _a401 p.
_b: ilus.
590 _aBATCH-UPD
_b10
_c20130110
_lUCH01
_h0019
590 _aBATCH-UPD
_b10
_c20130409
_lUCH01
_h1959
590 _aBATCH-UPD
_b10
_c20130914
_lUCH01
_h0510
590 _aCONVERSION
_b10
_c20130109
_lUCH01
_h1319
650 1 4 _aAzúcar
_xFabricación y refinación.
_99152
901 _aBK
942 _cLIBRO
949 _a664.1 L95
_bBC
_cBPA
_d-89898
_eBPA
_h25275
_i39449
_si
999 _c34361
_d34361